| 000 | 00378nam a2200133Ia 4500 | ||
|---|---|---|---|
| 005 | 20260326235457.0 | ||
| 008 | 260326s9999||||xx |||||||||||||| ||und|| | ||
| 100 | _aSaldarriaga Roa, Alberto | ||
| 245 | 0 |
_aMedio Siglo de Vivienda Social en Colombia 1939-1989 / _cAlberto Saldarriaga Roa |
|
| 260 | _bInurbe | ||
| 300 | _a242 p. | ||
| 650 | _aARQUITECTURA RESIDENCIAL | ||
| 942 | _cBK | ||
| 999 |
_c7953 _d7953 |
||